01474nam a2200361Ia 4500001001200000003000800012006001900020007001500039008004100054010001700095020003500112020001800147020001800165040002100183035002100204050002400225082002200249100002700271245010100298260005600399300001800455490002200473500005400495504006400549533015200613600003200765610005000797650004300847651005000890655002900940710001700969856012600986ebr10715443CaPaEBRm o u cr cn|||||||||140710r20021958miu sb s001 0beng d z 2002069138 z0814330851 (pbk. : alk. paper) z9780814330852 z9780814335871 aCaPaEBRcCaPaEBR a(OCoLC)84994436214aE748.C87bB3 2002eb04a328.73/092aB2211 aBarnard, Harry,d1906-10aIndependent manh[electronic resource] :bthe life of Senator James Couzens /cby Harry Barnard. aDetroit, MI :bWayne State University Press,c2002. axxiii, 376 p.0 aGreat Lakes books aOriginally published: New York : Scribners, 1958. aIncludes bibliographical references (p. 359-367) and index. aElectronic reproduction.bPalo Alto, Calif. :cebrary,d2014.nAvailable via World Wide Web.nAccess may be limited to ebrary affiliated libraries.10aCouzens, James,d1872-1936.10aUnited States.bCongress.bSenatevBiography. 0aLegislatorszUnited StatesvBiography. 0aMichiganxPolitics and governmenty1837-1950. 7aElectronic books.2local2 aebrary, Inc.40uhttp://site.ebrary.com/lib/rucke/Doc?id=10715443zAn electronic book accessible through the World Wide Web; click to view